Loading...
| Fine Arts - Classical Music | 0 | 7 | 3 | 0 | 55 | 19 | 80.43 | 2 | 6 | 22.46 | 51.82 |
| Literature - World | 0 | 4 | 0 | 0 | 40 | 78 | 98.75 | 0 | 2 | 10.38 | 21.82 |
| Fine Arts - Painting and Sculpture | 0 | 3 | 0 | 0 | 30 | 72 | 90.00 | 1 | 1 | 9.31 | 15.45 |
| Science - Other | 0 | 3 | 2 | 0 | 20 | 40 | 86.67 | 2 | 2 | 9.52 | 20.91 |
| Literature - European | 0 | 1 | 0 | 0 | 10 | 87 | 87.00 | 1 | 1 | 3.64 | 9.09 |
| Mythology | 0 | 1 | 0 | 0 | 10 | 104 | 104.00 | 0 | 1 | 2.39 | 5.45 |
| Science - Biology | 0 | 1 | 0 | 0 | 10 | 75 | 75.00 | 1 | 1 | 3.31 | 8.18 |
| Science - Chemistry | 0 | 1 | 0 | 0 | 10 | 77 | 77.00 | 0 | 0 | 2.90 | 4.55 |
| Science - Physics | 0 | 1 | 0 | 0 | 10 | 121 | 121.00 | 0 | 0 | 0.56 | 3.64 |
| Social Science | 0 | 1 | 0 | 0 | 10 | 106 | 106.00 | 0 | 0 | 1.68 | 6.36 |
| Fine Arts - Other | 0 | 1 | 0 | 0 | 10 | 24 | 24.00 | 1 | 1 | 7.46 | 9.09 |
| Literature - American | 0 | 1 | 0 | 0 | 10 | 136 | 136.00 | 0 | 0 | 0.00 | 1.82 |
| Literature - British | 0 | 1 | 0 | 0 | 10 | 107 | 107.00 | 0 | 1 | 2.77 | 7.27 |
| Philosophy | 0 | 0 | 0 | 0 | 0 | 0.00 | 0 | 0 | 0.00 | 0.00 |